00751cam a2200229 a 450000500170000000800410001701000150005802000270007303500130010003700130011304000130012608200120013910000200015124501590017126000380033027000690036830000270043765000030046465100030046770000260047070000250049620031230185550.0940308s1993 enkab b 001 0 eng  aENG-101753 c2500.00a9789380581019 aEN-85286 bDBAD/PUB adplbEng a726.1451 aMichell, George10aThe great temple at Thanjavur :cby George Michell [and] Indira Viswanathan Peterson ; photographed by Bharath Ramamruthambone thousand years,1010-2010 / aMumbaibThe Marg Foundationc2010 aArmy & Navy Building, 3rd Floor 148, M.G. Road, bMumbaie400001 a188p.:c31cm (Hb)bill 0  aPeterson, Viswanathan aRamamrutham, Bharath